ASME 2016 11th International Manufacturing Science and Engineering Conference - Volume 3: Joint MSEC-NAMRC Symposia

Bibliographic Details
Format: Electronic Journal
Language:English
Published: ASME
Online Access:Full text available on ASME[2016-2016]
Off-campus access
LEADER 01006cas a2200181 a 4500
001 AALConferenceProceedingsASME001021
008 230101c9999 xx r poo 0 0eng d
020 |a 978-0-7918-4991-0 
040 |a BD-DhAAL  |c BD-DhAAL 
245 0 0 |h [electronic resource]  |a ASME 2016 11th International Manufacturing Science and Engineering Conference - Volume 3: Joint MSEC-NAMRC Symposia 
260 |b ASME 
300 |a 1 online resource 
500 |a <strong>Off-Campus Access:</strong> Athens ID and Password Required 
500 |a <strong>On-Campus Access:</strong> No User ID or Password Required 
506 |a Electronic access restricted to authorized BRAC University faculty, staff and students 
538 |a Mode of access: Internet 
856 4 0 |z Full text available on ASME[2016-2016]  |u https://asmedigitalcollection.asme.org/MSEC/MSEC2016/volume/49910 
856 4 0 |z Off-campus access  |u https://go.openathens.net/redirector/bracu.ac.bd?url=https%3A%2F%2Fasmedigitalcollection.asme.org%2FMSEC%2FMSEC2016%2Fvolume%2F49910